[Event "Stockholm U20"]
[Site "Stockholm"]
[Date "2009.06.25"]
[Round "9"]
[White "Isheden, Joakim"]
[Black "Wenzel, Birger"]
[Result "1/2-1/2"]
[WhiteElo "1986"]
[BlackElo "1938"]
[PlyCount "30"]
[EventDate "2009.06.17"]
[EventType "tourn"]
[EventRounds "9"]
[EventCountry "SWE"]
[SourceTitle "CBM 130 Extra"]
[Source "ChessBase"]
[SourceDate "2009.07.02"]
[SourceVersion "2"]
[SourceVersionDate "2009.07.15"]
[SourceQuality "1"]

1. d4 Nf6 2. Nf3 e6 3. c4 b6 4. g3 Bb7 5. Bg2 Be7 6. 0-0 0-0 7. Nc3 Ne4 8. Qc2 Nxc3 9. bxc3 f5 10. Rd1 Be4 11. Qb3 Qc8 12. a4 Nc6 13. Nd2 Na5 14. Qa2 Bxg2 15. Kxg2 Qb7+ 1/2-1/2

[Event "Stockholm U20"]
[Site "Stockholm"]
[Date "2009.06.20"]
[Round "4"]
[White "Isheden, Joakim"]
[Black "Thollin, Robert"]
[Result "1/2-1/2"]
[WhiteElo "1986"]
[BlackElo "1964"]
[PlyCount "216"]
[EventDate "2009.06.17"]
[EventType "tourn"]
[EventRounds "9"]
[EventCountry "SWE"]
[SourceTitle "CBM 130 Extra"]
[Source "ChessBase"]
[SourceDate "2009.07.02"]
[SourceVersion "2"]
[SourceVersionDate "2009.07.15"]
[SourceQuality "1"]

1. d4 e6 2. c4 f5 3. g3 Nf6 4. Bg2 Bb4+ 5. Nd2 Qe7 6. Ngf3 0-0 7. 0-0 Bxd2 8. Qxd2 d6 9. b3 e5 10. dxe5 dxe5 11. Bb2 Nc6 12. e3 e4 13. Nd4 Ne5 14. Qa5 c5 15. Ba3 b6 16. Qc3 cxd4 17. Bxe7 dxc3 18. Bxf8 Kxf8 19. Rac1 Be6 20. Rxc3 Rc8 21. Rfc1 Nfd7 22. a3 Nd3 23. R1c2 N7e5 24. Bf1 Bf7 25. Be2 g5 26. f4 Ne1 27. fxe5 Nxc2 28. Rxc2 Ke7 29. Rd2 Rc5 30. b4 Rxe5 31. Rd4 Re6 32. h4 gxh4 33. g4 fxg4 34. Bxg4 Re5 35. Kg2 h5 36. Bd1 Be6 37. c5 bxc5 38. bxc5 h3+ 39. Kh2 Rxc5 40. Rxe4 Kf6 41. Rh4 Rc3 42. Rf4+ Kg5 43. Re4 Bf5 44. Re5 Kf6 45. Ra5 Rxe3 46. Bxh5 Kg5 47. Bf7 Kg4 48. Bc4 Rc3 49. Be2+ Kf4 50. Rxa7 Rc2 51. Re7 Be4 52. Rf7+ Ke3 53. Kxh3 Rxe2 54. Kh4 Rg2 55. a4 Rg6 56. Kh5 Ra6 57. Kg5 Rxa4 58. Kf6 Ra6+ 59. Kg5 Rg6+ 60. Kh5 Rg1 61. Kh4 Bg6 62. Rf8 Ke4 63. Rf2 Bf5 64. Kh5 Ke5 65. Kh4 Kf6 66. Rf4 Rg2 67. Rf3 Ke5 68. Rf1 Rg4+ 69. Kh5 Kf6 70. Rf3 Rb4 71. Rf2 Rb3 72. Rf4 Rh3+ 73. Rh4 Rg3 74. Rf4 Rh3+ 75. Rh4 Ra3 76. Rf4 Rg3 77. Ra4 Rf3 78. Rb4 Be6 79. Ra4 Rg3 80. Rf4+ Ke5 81. Rf2 Bd5 82. Kh4 Rg8 83. Kh3 Ke4 84. Kh4 Ke3 85. Rf6 Bf3 86. Kh3 Kf2 87. Kh4 Ke3 88. Kh3 Rg4 89. Rf8 Kf2 90. Rf5 Ra4 91. Rf8 Ra1 92. Kh4 Rg1 93. Rf4 Rg6 94. Rf8 Rg4+ 95. Kh3 Rg5 96. Rf4 Ra5 97. Rb4 Ra1 98. Rb2+ Ke3 99. Kg3 Rg1+ 100. Kh2 Rg8 101. Kh3 Kf4 102. Rb4+ Be4 103. Kh2 Rh8+ 104. Kg1 Rh3 105. Ra4 Rb3 106. Kf2 Rb2+ 107. Kg1 Rd2 108. Kf1 Rb2 1/2-1/2

[Event "Stockholm Salongernas Elo Gr 2"]
[Site "Stockholm"]
[Date "2008.07.13"]
[Round "7"]
[White "Backman, Michael"]
[Black "Isheden, Joakim"]
[Result "1-0"]
[WhiteElo "2115"]
[BlackElo "1973"]
[PlyCount "70"]
[EventDate "2008.07.06"]
[EventType "tourn"]
[EventRounds "9"]
[EventCountry "SWE"]
[SourceTitle "EXT 2024"]
[Source "ChessBase"]
[SourceDate "2023.10.10"]
[SourceVersion "1"]
[SourceVersionDate "2023.10.10"]
[SourceQuality "1"]

1. d4 Nf6 2. c4 e5 3. dxe5 Ng4 4. e3 Nxe5 5. Nh3 d6 6. Nf4 Bf5 7. Nc3 Nbd7 8. e4 Be6 9. b3 g6 10. Be2 Bg7 11. Bd2 0-0 12. 0-0 Nc6 13. Rc1 Nc5 14. Re1 a5 15. Bf1 Qd7 16. Nb5 Be5 17. Nd5 Bxd5 18. cxd5 Nb4 19. Bh6 Rfe8 20. f4 Bb2 21. a3 Nbd3 22. Bxd3 Bxc1 23. Qxc1 Nxd3 24. Qc3 Ne5 25. a4 c6 26. dxc6 bxc6 27. Na3 Qe7 28. fxe5 dxe5 29. Nc4 g5 30. Ne3 Qf6 31. Nf5 Qg6 32. Re3 Rad8 33. h3 Qh5 34. Rg3 f6 35. Qxc6 Qg6 1-0

[Event "Stockholm Salongernas Elo Gr 2"]
[Site "Stockholm"]
[Date "2008.07.09"]
[Round "3"]
[White "Cleanthous, Demetris"]
[Black "Isheden, Joakim"]
[Result "0-1"]
[WhiteElo "1951"]
[BlackElo "1973"]
[PlyCount "98"]
[EventDate "2008.07.06"]
[EventType "tourn"]
[EventRounds "9"]
[EventCountry "SWE"]
[SourceTitle "EXT 2024"]
[Source "ChessBase"]
[SourceDate "2023.10.10"]
[SourceVersion "1"]
[SourceVersionDate "2023.10.10"]
[SourceQuality "1"]

1. d4 d5 2. Nf3 Nf6 3. c4 c6 4. e3 e6 5. Nc3 Nbd7 6. cxd5 exd5 7. Bd3 Be7 8. 0-0 0-0 9. Qc2 Re8 10. Bd2 Nf8 11. h3 Bd6 12. Rfe1 Ng6 13. a3 Re7 14. Ng5 Bc7 15. f4 Qe8 16. b4 a6 17. Nf3 Ne4 18. Bxe4 dxe4 19. Ne5 f5 20. Na4 Be6 21. Nc5 Bd5 22. Nxb7 Bxe5 23. dxe5 Rxb7 24. Rec1 Qe6 25. Rab1 Ne7 26. Qc5 Bb3 27. Bc3 Ba4 28. Rb2 Rb5 29. Qd6 Qxd6 30. exd6 Nd5 31. Bd4 Rb7 32. Bc5 Rd8 33. Kf2 Kf7 34. g4 g6 35. g5 Ke6 36. h4 Nb6 37. Rd2 Nc8 38. Rc4 Nxd6 39. Rcd4 Rbd7 40. Bb6 Nc4 41. Rxd7 Rxd7 42. Rxd7 Kxd7 43. Bc5 Nxa3 44. Ke1 Nb1 45. Kf2 Ke6 46. Ke2 Kd5 47. Ke1 a5 48. Bf8 axb4 49. Bxb4 c5 0-1

[Event "Stockholm Salongernas Elo Gr 2"]
[Site "Stockholm"]
[Date "2008.07.08"]
[Round "2"]
[White "Isheden, Joakim"]
[Black "Mardell, Jimmy"]
[Result "0-1"]
[WhiteElo "1973"]
[BlackElo "2110"]
[PlyCount "70"]
[EventDate "2008.07.06"]
[EventType "tourn"]
[EventRounds "9"]
[EventCountry "SWE"]
[SourceTitle "EXT 2024"]
[Source "ChessBase"]
[SourceDate "2023.10.10"]
[SourceVersion "1"]
[SourceVersionDate "2023.10.10"]
[SourceQuality "1"]

1. d4 Nf6 2. c4 c5 3. d5 b5 4. cxb5 a6 5. bxa6 g6 6. Nc3 Bxa6 7. e4 Bxf1 8. Kxf1 d6 9. g3 Bg7 10. Kg2 0-0 11. Nf3 Nbd7 12. Re1 Ra6 13. Qc2 Qa8 14. b3 e6 15. dxe6 fxe6 16. Bb2 Ng4 17. Re2 d5 18. h3 Nge5 19. Ne1 d4 20. Na4 Qa7 21. Rd1 g5 22. Qc1 h6 23. Rc2 Ra5 24. Kg1 Qa8 25. Nxc5 Nxc5 26. Rxc5 Rxc5 27. Qxc5 Qxe4 28. Bxd4 Nd3 29. Nxd3 Bxd4 30. Qc1 Qf3 31. Qc2 Qxg3+ 32. Kf1 Qxh3+ 33. Ke1 Qf3 34. Qe2 Bc3+ 35. Rd2 Qh1+ 0-1

[Event "Stockholm Salongernas Elo Gr 2"]
[Site "Stockholm"]
[Date "2008.07.07"]
[Round "1"]
[White "Isheden, Joakim"]
[Black "Johansson, Sune"]
[Result "1-0"]
[WhiteElo "1973"]
[BlackElo "2094"]
[PlyCount "77"]
[EventDate "2008.07.06"]
[EventType "tourn"]
[EventRounds "9"]
[EventCountry "SWE"]
[SourceTitle "EXT 2024"]
[Source "ChessBase"]
[SourceDate "2023.10.10"]
[SourceVersion "1"]
[SourceVersionDate "2023.10.10"]
[SourceQuality "1"]

1. d4 f5 2. g3 Nf6 3. Bg2 g6 4. c4 Bg7 5. Nc3 0-0 6. Nf3 d6 7. 0-0 Nc6 8. Rb1 e5 9. d5 Ne7 10. e4 f4 11. gxf4 exf4 12. e5 Ng4 13. e6 h6 14. Ne2 Ne5 15. Nxf4 Nxc4 16. Qd3 Nb6 17. Nxg6 Nbxd5 18. Ng5 Nf6 19. Nf7 Rxf7 20. exf7+ Kxf7 21. Nxe7 Qxe7 22. Bd2 Bg4 23. Rfe1 Qd7 24. Re3 d5 25. Rbe1 Bf8 26. Bc3 Rd8 27. Qd4 Qd6 28. h3 Bc8 29. Rf3 Bg7 30. Rg3 Bh8 31. Qd3 d4 32. Qg6+ Kf8 33. Qxh6+ Kf7 34. Qg6+ Kf8 35. Bd2 Be6 36. Qh6+ Ke7 37. Rg7+ Bxg7 38. Qxg7+ Ke8 39. Qxf6 1-0